Colección de incunables americanos (Record no. 7189)
[ view plain ]
| 000 -CABECERA | |
|---|---|
| campo de control de longitud fija | 01523nam a2200253 a 4500 |
| 001 - NÚMERO DE CONTROL | |
| campo de control | BRCA_7515 |
| 005 - FECHA Y HORA DE LA ÚLTIMA TRANSACCIÓN | |
| campo de control | 20190320205853.0 |
| 008 - DATOS DE LONGITUD FIJA--INFORMACIÓN GENERAL | |
| campo de control de longitud fija | 090513m19441945sp-a###f##---#000-0#spa-# |
| 041 ## - CÓDIGO DE LENGUA | |
| Código de lengua del texto/banda sonora o título independiente | spa |
| 044 ## - CÓDIGO DEL PAÍS DE LA ENTIDAD EDITORA/PRODUCTORA | |
| Código MARC del país | sp |
| 050 #4 - SIGNATURA TOPOGRÁFICA DE LA BIBLIOTECA DEL CONGRESO | |
| Número de clasificación | Z240 |
| Número de documento/Ítem | .C65 1944 |
| 245 10 - MENCIÓN DE TÍTULO | |
| Título | Colección de incunables americanos |
| Resto del título | Siglos XVI |
| Mención de responsabilidad, etc. | introducción por Ramón Menéndez Pidal. |
| 260 ## - PUBLICACIÓN, DISTRIBUCIÓN, ETC. | |
| Lugar de publicación, distribución, etc. | Madrid |
| Nombre del editor, distribuidor, etc. | Cultura Hispánica |
| Fecha de publicación, distribución, etc. | 1944-1945 |
| 300 ## - DESCRIPCIÓN FÍSICA | |
| Extensión | 11 v. |
| Otras características físicas | il. |
| Dimensiones | 26 cm. |
| 500 ## - NOTA GENERAL | |
| Nota general | Once ejemplares diferentes inventariados por el Banco de México como un solo libro |
| 500 ## - NOTA GENERAL | |
| Nota general | Obras editadas en facsímil |
| 500 ## - NOTA GENERAL | |
| Nota general | R57 |
| 505 0# - NOTA DE CONTENIDO CON FORMATO | |
| Nota de contenido con formato | v.1 Introducción / Ramón Menéndez Pidal.-- v.2 Dialéctica Resolutio Cum Texti Aristotelis / Alfonso Avera Cruce.-- v.3 Provisiones: Cédulas instrucciones para el Gobierno de la Nueva España / Vasco de Puga.-- v.4 Vocabulario en lengua Castellana y Mejicana / Fray Alonso de Molina.-- v.5 Ordenanzas y Compilación leyes / Antonio de Mendoza.-- v.6 Arte de la lengua Mexicana y Castellana / Fray Alonso de Molina.-- v.7 Diálogos militares / Diego García de Palacio.-- v.8 Instrucción Náutica para navegar / Diego García de Palacio.-- v.9 Problemas y secretos maravillosos de las Indias / Juan de Cárdenas.-- v.10 Tractado breve de medicina / Fray Agustín Farfán.-- v.11 Arauco domado / Pedro de Oña |
| 650 14 - PUNTO DE ACCESO ADICIONAL DE MATERIA--TÉRMINO DE MATERIA | |
| Término de materia o nombre geográfico como elemento de entrada | Incunables |
| 9 (RLIN) | 7417 |
| 650 14 - PUNTO DE ACCESO ADICIONAL DE MATERIA--TÉRMINO DE MATERIA | |
| Término de materia o nombre geográfico como elemento de entrada | Bibliografía |
| Subdivisión general | Primero libros impresos |
| Subdivisión cronológica | Siglos XV-XVI |
| 9 (RLIN) | 18533 |
| 700 1# - PUNTO DE ACCESO ADICIONAL--NOMBRE DE PERSONA | |
| Nombre de persona | Menendez Pidal, Ramón |
| Término indicativo de función/relación | intr. |
| 9 (RLIN) | 18534 |
| 902 ## - CATALOGADOR | |
| Iniciales | GFM |
| 942 ## - ELEMENTOS DE PUNTO DE ACCESO ADICIONAL (KOHA) | |
| Fuente del sistema de clasificación o colocación | Library of Congress Classification |
| Tipo de ítem Koha | Libros |
| Estado de retiro | Estado de pérdida | Estado dañado | No para préstamo | Localización permanente | Ubicación/localización actual | Fecha de adquisición | Número de inventario | Total de préstamos | Signatura topográfica completa | Código de barras | Fecha visto por última vez | Precio válido a partir de | Tipo de ítem Koha |
|---|---|---|---|---|---|---|---|---|---|---|---|---|---|
| El ejemplar forma parte de la colección y puede ser consultado según las políticas vigentes. | Biblioteca del Museo Franz Mayer (Rogerio Casas-Alatriste) | Biblioteca del Museo Franz Mayer (Rogerio Casas-Alatriste) | 09/05/2013 | R57 | Z240 .C65 1944 (R57) | 8120 | 22/03/2019 | 22/03/2019 | Libros |